Strašidelná knihovna. Duchové v podzemí /
Klárka spolu s duchem Kazem řeší různé detektivní záhady. Pokračování zábavné duchařské a detektivní řady.
Uloženo v:
| Série: | Strašidelná knihovna,
část 10 |
|---|---|
| Hlavní autor: | |
| Další autoři: | , |
| Médium: | E-kniha |
| Jazyk: | Czech |
| Vydáno: |
Praha :
Fragment,
2023
|
| Vydání: | 1. vydání |
| Témata: | |
| Příbuzné jednotky: | Z cyklu::
Strašidelná knihovna |
| Tagy: |
Žádné tagy |
| LEADER | 02684nam a2200517 i 4500 | ||
|---|---|---|---|
| 001 | 311864 | ||
| 003 | CZ PrSKC | ||
| 005 | 20260601215713.0 | ||
| 007 | ta | ||
| 008 | 230308s2023 xr a b 000 j cze | ||
| 015 | |a cnb003503248 | ||
| 020 | |a 9788025356982 |q (vázáno) : |c Kč 269,00 | ||
| 035 | |a (OCoLC)1378695356 | ||
| 040 | |a ABG001 |b cze |e rda | ||
| 041 | 1 | |a cze |h eng | |
| 072 | 7 | |a 821.111(73)-3 |x Americká próza |2 Konspekt | |
| 072 | 7 | |a 821-93 |x Literatura pro děti a mládež (beletrie) |2 Konspekt | |
| 080 | |a 821.111(73)-32 |2 MRF | ||
| 080 | |a 821-93 |2 MRF | ||
| 080 | |a (0:82-32) |2 MRF | ||
| 100 | 1 | |a Butler, Dori Hillestad, |d 1965- |7 ola2017939581 |4 aut | |
| 240 | 1 | 0 | |a Underground ghosts. |l Česky |
| 245 | 1 | 0 | |a Strašidelná knihovna. |p Duchové v podzemí / |c napsala Dori Hillestad Butlerová ; ilustrovala Aurora Damantová ; z anglického originálu The haunted library - The underground ghosts přeložil Václav Soukup |
| 246 | 3 | 0 | |a Duchové v podzemí |
| 250 | |a 1. vydání | ||
| 264 | 1 | |a Praha : |b Fragment, |c 2023 | |
| 300 | |a 190 stran : |b ilustrace ; |c 20 cm | ||
| 336 | |a text |b txt |2 rdacontent | ||
| 337 | |a bez média |b n |2 rdamedia | ||
| 338 | |a svazek |b nc |2 rdacarrier | ||
| 520 | 2 | |a Klárka spolu s duchem Kazem řeší různé detektivní záhady. Pokračování zábavné duchařské a detektivní řady. |b Blíží se Halloween a Klárka s Kazem vyrážejí do Seattlu navštívit Klárčinu sestřenici. Zavítají do místní knihovny a najdou tam ducha! Pátrání po jeho rodině je zavede až do tajných podzemních tunelů pod městem, kde se to duší aktivitou jen hemží. Podaří se jim rozkrýt všechny záhady i tentokrát? Nakladatelská anotace. | |
| 521 | 8 | |a Pro čtenáře od 7 let | |
| 655 | 7 | |a americké příběhy |7 fd131795 |2 czenas | |
| 655 | 7 | |a publikace pro děti |7 fd133156 |2 czenas | |
| 655 | 9 | |a American stories |2 eczenas | |
| 655 | 9 | |a children's literature |2 eczenas | |
| 700 | 1 | |a Damant, Aurore, |d 1981- |7 ola2017939588 |4 ill | |
| 700 | 1 | |a Soukup, Václav |7 ola2018992136 |4 trl | |
| 765 | 1 | |t Haunted library | |
| 787 | 0 | 8 | |i Z cyklu: |t Strašidelná knihovna |g 10 |
| 900 | |a ABA001 |b 20 | ||
| 928 | 9 | |a Albatros Media - Fragment | |
| 044 | |a xr | ||
| 910 | |a RBIT002 | ||
| 998 | |d 370095 |a https://core.palmknihy.cz/api/books/370095/cover?si7417 |b https://core.palmknihy.cz/api/books/370095/cover/400?si7417 |c https://core.palmknihy.cz/api/books/370095/cover/50?si7417 |e 2027-04-22 |g 192 |i 9788025356982 |j https://core.palmknihy.cz/api/books/370095/preview.epub |k https://core.palmknihy.cz/api/books/370095/preview.pdf |l |q 49 |r 1 |s https://www.palmknihy.cz/kniha/370095 |t ebook |y 2023 |z 0 |v Strašidelná knihovna |w 10 | ||
| 999 | |d 311862 | ||